000 00651nam a22001937a 4500
005 20251108170850.0
008 250721s1995 xx 000 0 ara d
082 1 4 _a210.16/منا
100 1 _aالمناسيه، أمين محمد
245 1 0 _aقواعد البحث العلمي و مناهجه و مصادر الدراسات الإسلامية /
264 1 _aعمان :
_bمؤسسة رام للتكنولوجيا و الكمبيوتر،
_c1995.
300 _a296ص
650 1 7 _aالبحث
650 1 7 _aأساليب البحث
650 1 7 _aالببليوغرافيا
650 1 7 _aالإسلام
942 _2ddc
_cBK
999 _c50846
_d50846